Tri-Lambs Alpha Chapter Brothers 2010 Quiz Stats

 Plays Quiz not verified by Sporcle

Score 0/42 Timer 12:00
0 Plays Today
Class Real Name % Correct
Gamma ClassAaron J Cipollina
74.2%
Delta ClassStephen Yenke
74.2%
Delta ClassJames Belasco
67.7%
Zeta ClassAnna Mills
67.7%
Eta ClassMichael Marrero
67.7%
Founding FatherNick Carroll
64.5%
Epsilon ClassChris Filipek
64.5%
Epsilon ClassBecky Zajac
64.5%
Eta ClassDeanna O'Shea
64.5%
Eta ClassShannon Thompson
64.5%
Beta ClassCharles Berdan
61.3%
Delta ClassJenaya Goldwag
61.3%
Delta ClassAlex Moore
61.3%
Zeta ClassBrian Allan
61.3%
Eta ClassCody Roberge
61.3%
Founding FatherMark Allatin
58.1%
Founding FatherGarrett Waldron
58.1%
Alpha ClassMeghan Qualey
58.1%
Beta ClassNathaniel De Leon
58.1%
Delta ClassAnna Kapranova
58.1%
Delta ClassNick Stevens
58.1%
Class Real Name % Correct
Epsilon ClassMatthew Hobbes Goodell
58.1%
Epsilon ClassSarah McCabe
58.1%
Epsilon ClassMatt Palasky
58.1%
Zeta ClassJacob Leeser
58.1%
Eta ClassCrystal Fontaine
58.1%
Eta ClassErik Willett
58.1%
Founding FatherJabaree Dunham-Carson
54.8%
Founding FatherLisa Weand
54.8%
Alpha ClassLaura Cote
54.8%
Delta ClassNick Pietrefase
54.8%
Epsilon ClassChris Kasmarzyk
54.8%
Epsilon ClassJohn Palmer
54.8%
Eta ClassNicholas Bogroff Ganssle
54.8%
Founding FatherBrian Behrens
51.6%
Founding FatherChris Hayden
51.6%
Founding FatherNick Ivanoff
51.6%
Alpha ClassBrian Link
51.6%
Alpha ClassAmanda Soohoo
51.6%
Gamma ClassGary Lippincott
51.6%
Founding FatherAndrew Burke
48.4%
Founding FatherMatt Mainella
45.2%

You're not logged in!

Compare scores with friends on all Sporcle quizzes.
OR
Log In

Sporcle TV

Today on Sporcle TV


Watch our educational content, quiz creation guides, and fun videos on Sporcle TV.

Show Comments

Extras

Created Nov 10, 2010ReportNominate
Tags:alpha, brother, chapter, lambda

Top Quizzes Today


Score Distribution

Your Account Isn't Verified!

In order to create a playlist on Sporcle, you need to verify the email address you used during registration. Go to your Sporcle Settings to finish the process.

Report this User

Report this user for behavior that violates our Community Guidelines.

Details: